Relaciones entre el medio y comunidades vegetales del sabinar continenetal arido en el valle del ebr /

Guardado en:
Autor Principal: España Inia
Formato: Libro
Publicado: Madrid : Instituto Nacional de Investigaciones Agrarias, 1982
Materias:
Etiquetas: Agregar Etiqueta
Sin Etiquetas, Sea el primero en etiquetar este registro!
LEADER 00539nam a22001575a 4500
001 CEM.cems002318
005 20060216000000.0
008 130507s1982##################000#0#####d
003 CEMS
082 0 4 |a 581.52 
100 1 |a España Inia 
245 1 0 |a Relaciones entre el medio y comunidades vegetales del sabinar continenetal arido en el valle del ebr / 
260 |a Madrid :  |b Instituto Nacional de Investigaciones Agrarias,  |c 1982 
300 |a 52 p. 
653 |a Ecologia vegetal 
859 |a CEMS  |b BIB. CEMS - 11 de abril  |h 581.52  |i Es61-6/14  |p 12004.83  |t Ej.1